01001nam a22002777a 450000100060000000300080000600500170001400800410003102000150007203500190008704000260010604100080013208200200014010000250016024500710018526000410025630000310029750400660032865000500039465000560044470000270050070000260052794200120055399900170056595201410058237251BD-RjUL20211209052607.0141117s2003 ii a|||| b||| 001 0 eng d a8170352959 a(BD-RjUL)37353 aBD-RjULbengcBD-RjUL aeng a595.7bSAI 2003 aSathe, T. V.9114108 aIndian pest parasitoids / cT.V. Sathe, S.A. Inamdar, R.K. Dawale. aDelhi : b Daya Pub. House, cc2003. a145 p. : b ill. ;c22 cm. aIncludes bibliographical references (p. [130]-138) and index. aParasitoids vClassificationz India 9114109 aInsect pests xBiological control z India.9114110 aInamdar, S. A.9114111 aDawale, R. K.9114112 2ddccBK c37251d37251 00102ddc4071aIBScbIBSccStackd2014-11-17eKarim Internationalg568.00l0o595.7 SAI 2003r2014-11-17 00:00:00tC-1w2014-11-17yBK